| 000 | 00649 a2200181 4500 | ||
|---|---|---|---|
| 003 | Nust | ||
| 005 | 20170207153549.0 | ||
| 040 | _cNust | ||
| 082 | _a621.382 | ||
| 100 | _aSharif, Muhammad (MSEE-02) | ||
| 245 |
_aSpeech compression at low bit rate _cMuhammad Sharif |
||
| 260 |
_bMCS _cDecember 1999 |
||
| 300 | _aviii, 75 p | ||
| 505 | _aIntroduction (page-1), Speech and techniques (page-5), Linear predictive coding (page-25), LPC to LSP coefficient conversion (page-48), Implementation and results of speech compression algorithm (page-57), Conclusion (page-65). | ||
| 538 | _aAlmirah no 72 shelf no. 1 | ||
| 650 | _aMSEE Thesis | ||
| 651 | _aMSEE-2 | ||
| 942 | _cTHS | ||
| 999 |
_c188789 _d188789 |
||